000 00513nam a2200193Ia 4500
001 14955
003 GE_BSU
008 181216s||||||||xx |||||||||||||| ||und||
040 _cGE_BSU
080 _a512.1
100 _aБолтянский,В.Г. Виленкин,В.Я.
245 _aСимметрия в алгебре
245 _cРед.И.Е.Морозова
260 _aМосква
260 _c1967
300 _a282стр.20см.
653 _aСимметрия в алгебре
942 _cBK
999 _c48075
_d48075